Le Canada de A à Z - Statistiques

Statistiques générales
  • Ce quiz a été pris 6 531 fois
  • Le résultat moyen est 17 sur 26
Statistiques - réponses
Lettre Indice Réponse % Correct
Q Province francophone du Canada Québec
94%
H Sport national du Canada depuis 1994 Hockey sur glace
92%
N Impressionnantes chutes d'eau située à la frontière entre le Canada et les États-Unis Chutes du {Niagara}
90%
P Plat traditionnel composé de frites, de fromage et de sauce brune Poutine
88%
S Produit sucré extrait de l'arbre national du Canada Sirop d'érable
84%
U Le Canada est le quatrième producteur mondial de ce métal radioactif Uranium
84%
V Ville la plus peuplée de la côte Pacifique du Canada Vancouver
84%
X Siècle durant lequel les premiers Européens seraient arrivés au Canada (chiffre romain) Xe siècle
84%
I Peuples autochtones vivant dans les régions arctiques de l'Amérique du Nord Inuits
80%
T Premier ministre de 2015 à 2025, appartenant au Parti libéral du Canada Justin Trudeau
79%
C Nom canadien du renne Caribou
76%
K Mot issu de l'inuktitut qui désigne un type de pirogue propulsée à l'aide d'une pagaie Kayak
76%
J Explorateur français du 16e siècle qui installe la première colonie française au Canada (prénom) Jacques Cartier
73%
O Province la plus peuplée du Canada, elle abrite la capitale du pays Ontario
73%
D Rappeur canadien, c'est l'un des artistes les plus écoutés au monde depuis les années 2010 Drake
71%
A Province canadienne, sa ville la plus peuplée est Calgary Alberta
69%
G Acteur canadien connu pour ces rôles dans "Drive", "La La Land" ou "Blade Runner 2049" Ryan Gosling
58%
E Cinquième ville du canada, plus grande ville en "E" du monde Edmonton
53%
Y Territoire canadien qui borde l'Alaska Yukon
53%
L Ville francophone canadienne qui partage son nom avec une ville des Pays de la Loire Laval
51%
R Franchise NBA qui remporte le championnat en 2019 Raptors de Toronto
44%
M Province canadienne qui borde le Nunavut au Nord et le Dakota du Nord au Sud Manitoba
40%
W Septième ville du Canada, on y trouve la Cathédrale Saint-Boniface Winnipeg
35%
B Plus grande île canadienne, cinquième au rang mondial Île de {Baffin}
23%
F Aussi appelée "Taïga", elle recouvre une grande partie de l'intérieur du Canada Forêt boréale
12%
Z Explorateurs vénitiens qui seraient les premiers à avoir cartographié le Canada (Terre-Neuve) à la fin du XIVe siècle Les frères {Zeno}
3%
Aucun quiz correspondant
Distribution des résultats
% des personnes avec chaque résultat
Percentile par nombre de réponses
Votre historique - résultats
Vous n’avez pas pris ce quiz